Chanson Ateez #2 - Statistiques

Statistiques générales
  • Ce quiz a été pris 198 fois
  • Le résultat moyen est 8 sur 12
Statistiques - réponses
Par images Réponse % Correct
Pirate King
95%
Hala Hala
91%
Guerrilla
86%
Inception
84%
The Black Cat Nero
84%
Answer
82%
Rocky
58%
Celebrate
53%
Limitless
51%
Turbulence
43%
Utopia
29%
Don't Stop
15%
Aucun quiz correspondant
Distribution des résultats
% des personnes avec chaque résultat
Percentile par nombre de réponses
Votre historique - résultats
Vous n’avez pas pris ce quiz